| 000 | 00602nam a2200193Ia 4500 | ||
|---|---|---|---|
| 999 |
_c36160 _d36160 |
||
| 001 | 2062 | ||
| 003 | GE_BSU | ||
| 005 | 20190520153038.0 | ||
| 008 | 181216s2001||||ge |||||||||||||| ||geo|| | ||
| 040 | _cGE_BSU | ||
| 041 | _ageo | ||
| 080 | _a91 ხ–19 | ||
| 100 |
_aხალვაში, რევაზ _91407 |
||
| 245 | _aპირველობა სახალისო გეოგრაფიაში. | ||
| 300 |
_a151 გვ. ; _b19 სმ. |
||
| 504 | _aბიბლიოგრ.: გვ. 151. | ||
| 653 | _aსახალისო გეოგრაფია | ||
| 942 |
_cBK _2udc |
||